[Event "FRA-chT2 1011"]
[Site "France"]
[Date "2010.11.13"]
[Round "2.2"]
[White "Vinke, Andreas"]
[Black "Hassler, Franck"]
[Result "1/2-1/2"]
[WhiteElo "2216"]
[BlackElo "2181"]
[PlyCount "31"]
[EventDate "2010.10.17"]
[EventType "team-tourn"]
[EventRounds "11"]
[EventCountry "FRA"]
[SourceTitle "EXT 2012"]
[Source "ChessBase"]
[SourceDate "2011.11.24"]
[SourceVersion "1"]
[SourceVersionDate "2011.11.24"]
[SourceQuality "1"]

1. c4 e5 2. g3 g6 3. Bg2 Bg7 4. Nc3 d6 5. Nf3 f5 6. d3 Nf6 7. 0-0 c5 8. Rb1 Nc6 9. a3 0-0 10. b4 Qc7 11. Bg5 Be6 12. bxc5 dxc5 13. Bxf6 Bxf6 14. Nd5 Bxd5 15. cxd5 Nd8 16. Qb3 1/2-1/2

[Event "Mulhouse IM"]
[Site "Mulhouse"]
[Date "2010.07.??"]
[Round "7"]
[White "Hassler, Franck"]
[Black "Genzling, Alain"]
[Result "1/2-1/2"]
[WhiteElo "2213"]
[BlackElo "2405"]
[PlyCount "96"]
[EventDate "2010.07.??"]
[EventType "tourn"]
[EventRounds "9"]
[EventCountry "FRA"]
[EventCategory "4"]
[SourceTitle "EXT 2011"]
[Source "ChessBase"]
[SourceDate "2010.11.26"]
[SourceVersion "1"]
[SourceVersionDate "2010.11.26"]
[SourceQuality "1"]

1. d4 Nf6 2. Nf3 e6 3. e3 c5 4. c3 b6 5. Bd3 Bb7 6. Nbd2 d5 7. Ne5 Nbd7 8. f4 Be7 9. Qf3 Qc7 10. 0-0 Rf8 11. Qg3 g6 12. Qh3 h5 13. Ndf3 Nxe5 14. fxe5 Ne4 15. Nd2 Ng5 16. Qg3 0-0-0 17. Nf3 Nh7 18. Bd2 Rg8 19. Qh3 Rdf8 20. Be1 Qd8 21. Bg3 Rg7 22. Be1 c4 23. Bc2 Rh8 24. Qg3 g5 25. Nd2 g4 26. e4 h4 27. Qe3 Ng5 28. Rf4 h3 29. Rxg4 Qg8 30. Bg3 hxg2 31. Kxg2 dxe4 32. Rf1 Nf3 33. Rxg7 Qxg7 34. Bxe4 Bxe4 35. Nxe4 Nh4+ 36. Kh1 Nf5 37. Qf3 Rh3 38. Rg1 Qh7 39. Qg2 Ne3 40. Qf3 Nf5 41. Rg2 Nh4 42. Qe2 Nxg2 43. Qxc4+ Kb7 44. Kxg2 Rxh2+ 45. Bxh2 Qxe4+ 46. Kh3 Qf5+ 47. Kg2 Qc2+ 48. Kh3 Qf5+ 1/2-1/2

[Event "FRA-chT2 East 0809"]
[Site "France"]
[Date "2009.01.17"]
[Round "5.1"]
[White "Karpatchev, Aleksandr"]
[Black "Hassler, Franck"]
[Result "1-0"]
[WhiteElo "2504"]
[BlackElo "2246"]
[PlyCount "67"]
[EventDate "2008.10.19"]
[EventType "team-tourn"]
[EventRounds "11"]
[EventCountry "FRA"]
[SourceTitle "EXT 2010"]
[Source "ChessBase"]
[SourceDate "2010.11.25"]
[SourceVersion "1"]
[SourceVersionDate "2010.11.25"]
[SourceQuality "1"]
[WhiteTeam "Bischwiller II"]
[BlackTeam "Mulhouse IV"]
[WhiteTeamCountry "FRA"]
[BlackTeamCountry "FRA"]

1. e4 c5 2. c3 Nf6 3. e5 Nd5 4. Nf3 e6 5. d4 cxd4 6. cxd4 d6 7. Bc4 Nb6 8. Bd3 Bd7 9. 0-0 Bc6 10. Nc3 Be7 11. Bf4 Nd5 12. Bg3 Nxc3 13. bxc3 d5 14. Qc2 g6 15. a4 Qa5 16. Bf4 Nd7 17. Bd2 Qc7 18. a5 b6 19. axb6 axb6 20. Rxa8+ Bxa8 21. Bh6 Bf8 22. Qd2 Bc6 23. h4 Qa7 24. Bxf8 Kxf8 25. Qh6+ Ke8 26. Bxg6 Qa8 27. Bxf7+ Kxf7 28. Ng5+ Ke8 29. Qxe6+ Kd8 30. Qd6 Kc8 31. e6 Nb8 32. Nf7 Rg8 33. Qe7 Na6 34. Ra1 1-0

[Event "FRA-chT2 East 0809"]
[Site "France"]
[Date "2008.11.23"]
[Round "3.1"]
[White "Hassler, Franck"]
[Black "Werner, Clemens"]
[Result "1/2-1/2"]
[WhiteElo "2246"]
[BlackElo "2347"]
[PlyCount "92"]
[EventDate "2008.10.19"]
[EventType "team-tourn"]
[EventRounds "11"]
[EventCountry "FRA"]
[SourceTitle "EXT 2010"]
[Source "ChessBase"]
[SourceDate "2010.11.25"]
[SourceVersion "1"]
[SourceVersionDate "2010.11.25"]
[SourceQuality "1"]
[WhiteTeam "Mulhouse IV"]
[BlackTeam "Strasbourg II"]
[WhiteTeamCountry "FRA"]
[BlackTeamCountry "FRA"]

1. d4 Nf6 2. Nf3 d6 3. g3 g6 4. Bg2 Bg7 5. 0-0 0-0 6. Nc3 Nbd7 7. e4 e5 8. d5 Nc5 9. Ne1 a5 10. Nd3 Nxd3 11. Qxd3 Nd7 12. Qc4 Nc5 13. Be3 b6 14. a4 f5 15. f3 Ba6 16. Nb5 Qd7 17. b3 f4 18. Bf2 h5 19. gxf4 exf4 20. Rad1 Kh7 21. Rfe1 Rae8 22. Bd4 Be5 23. Bxe5 Rxe5 24. Kf2 g5 25. h3 Rf6 26. Rh1 Kg7 27. Ke2 Re8 28. Kd2 Ra8 29. Bf1 Bxb5 30. axb5 Qd8 31. Be2 Nd7 32. Rdg1 Rg6 33. Qc3+ Ne5 34. Rh2 Kh6 35. Rhg2 Qe7 36. Kc1 Rag8 37. Kb2 Qf6 38. Ka2 R6g7 39. Kb1 Ng4 40. Kb2 Qxc3+ 41. Kxc3 Ne5 42. Rf1 Rf8 43. Bd1 Kg6 44. Kd2 Kf6 45. Kc3 Nf7 46. Kd4 Ra8 1/2-1/2

[Event "FRA-chT2 East 0809"]
[Site "France"]
[Date "2008.10.19"]
[Round "1.1"]
[White "Chernov, Vadim A"]
[Black "Hassler, Franck"]
[Result "1-0"]
[WhiteElo "2455"]
[BlackElo "2246"]
[PlyCount "67"]
[EventDate "2008.10.19"]
[EventType "team-tourn"]
[EventRounds "11"]
[EventCountry "FRA"]
[SourceTitle "EXT 2010"]
[Source "ChessBase"]
[SourceDate "2010.11.25"]
[SourceVersion "1"]
[SourceVersionDate "2010.11.25"]
[SourceQuality "1"]
[WhiteTeam "Metz Fischer II"]
[BlackTeam "Mulhouse IV"]
[WhiteTeamCountry "FRA"]
[BlackTeamCountry "FRA"]

1. e4 c5 2. Nc3 Nc6 3. Bb5 Nd4 4. Bc4 g6 5. Nf3 Bg7 6. Nxd4 cxd4 7. Qf3 e6 8. Nb5 d6 9. Qa3 Ke7 10. c3 dxc3 11. dxc3 a6 12. Nd4 Qc7 13. Bd3 Bd7 14. 0-0 Rc8 15. Bg5+ f6 16. Be3 Nh6 17. h3 Nf7 18. f4 Bh6 19. Kh1 Rhe8 20. Rae1 Bg7 21. Nf3 Kf8 22. e5 Kg8 23. exf6 Bxf6 24. Bd4 Bxd4 25. Nxd4 e5 26. fxe5 Nxe5 27. Be4 Kg7 28. Qb3 d5 29. Qxd5 Rf8 30. Qxb7 Qxb7 31. Bxb7 Rb8 32. Bc6 Rf6 33. Kg1 a5 34. Re3 1-0

[Event "Biel MTO op"]
[Site "Biel"]
[Date "2006.07.24"]
[Round "1"]
[White "Adianto, Utut"]
[Black "Hassler, Franck"]
[Result "1-0"]
[WhiteElo "2580"]
[BlackElo "2222"]
[PlyCount "73"]
[EventDate "2006.07.24"]
[EventType "swiss"]
[EventRounds "11"]
[EventCountry "SUI"]
[SourceTitle "CBM 113 Extra"]
[Source "ChessBase"]
[SourceDate "2006.09.14"]
[SourceVersion "1"]
[SourceVersionDate "2006.09.14"]
[SourceQuality "1"]

1. d4 Nf6 2. Nf3 g6 3. Bg5 Bg7 4. Nbd2 d5 5. e3 0-0 6. c4 c6 7. Be2 h6 8. Bh4 Nbd7 9. 0-0 Qe8 10. cxd5 Nxd5 11. Nc4 N5b6 12. Qc2 Nxc4 13. Bxc4 Nb6 14. Bb3 Bf5 15. e4 Bg4 16. Ne5 Bxe5 17. dxe5 Rd8 18. f4 Be6 19. f5 Bxb3 20. axb3 Nc8 21. Rf3 Qd7 22. Bf2 g5 23. h4 f6 24. hxg5 hxg5 25. Re1 Kg7 26. exf6+ exf6 27. e5 Rfe8 28. exf6+ Kf7 29. Rxe8 Kxe8 30. Qe4+ Kf7 31. Rh3 Qd5 32. Qb4 Qd1+ 33. Be1 Qd4+ 34. Qxd4 Rxd4 35. Rh7+ Kg8 36. f7+ Kf8 37. Rh8+ 1-0

[Event "St Chely d'Aubrac op 6th"]
[Site "St Chely d'Aubrac"]
[Date "2006.07.22"]
[Round "9"]
[White "Hassler, Franck"]
[Black "Staub, Ludovic"]
[Result "1-0"]
[WhiteElo "2222"]
[BlackElo "2153"]
[PlyCount "67"]
[EventDate "2006.07.15"]
[EventType "swiss"]
[EventRounds "9"]
[EventCountry "FRA"]
[SourceTitle "CBM 113 Extra"]
[Source "ChessBase"]
[SourceDate "2006.09.14"]
[SourceVersion "1"]
[SourceVersionDate "2006.09.14"]
[SourceQuality "1"]

1. c4 e6 2. b3 d5 3. e3 Nf6 4. Bb2 Be7 5. Nf3 0-0 6. d3 b6 7. g3 Bb7 8. Bg2 dxc4 9. bxc4 c5 10. 0-0 Nc6 11. Qb3 Qc7 12. Rd1 Rad8 13. Nc3 Rd7 14. Rd2 Rfd8 15. Rad1 Qb8 16. a3 Qa8 17. e4 Nd4 18. Nxd4 Rxd4 19. f3 h5 20. Ne2 R4d7 21. Bc3 Ne8 22. Nf4 g6 23. Bh3 Rd6 24. Be5 Rc6 25. Qb2 Bf8 26. g4 hxg4 27. Bxg4 Rcc8 28. Nxe6 fxe6 29. Bxe6+ Kh7 30. Rg2 Rc6 31. Bd5 Rcc8 32. Bf7 Rc6 33. Qf2 Ng7 34. Qh4+ 1-0

[Event "St Chely d'Aubrac op 6th"]
[Site "St Chely d'Aubrac"]
[Date "2006.07.19"]
[Round "6"]
[White "Hassler, Franck"]
[Black "Riff, Jean Noel"]
[Result "1/2-1/2"]
[WhiteElo "2222"]
[BlackElo "2444"]
[PlyCount "100"]
[EventDate "2006.07.15"]
[EventType "swiss"]
[EventRounds "9"]
[EventCountry "FRA"]
[SourceTitle "CBM 113 Extra"]
[Source "ChessBase"]
[SourceDate "2006.09.14"]
[SourceVersion "1"]
[SourceVersionDate "2006.09.14"]
[SourceQuality "1"]

1. Nf3 c5 2. g3 Nc6 3. Bg2 e5 4. 0-0 g6 5. e4 Bg7 6. d3 Nge7 7. Nc3 d6 8. Nh4 0-0 9. Be3 Nd4 10. Qd2 Rb8 11. Ne2 Be6 12. c3 Nxe2+ 13. Qxe2 b5 14. f4 exf4 15. Bxf4 b4 16. c4 Nc6 17. Nf3 a5 18. Qd2 a4 19. Bh6 Qf6 20. Bxg7 Qxg7 21. Kh1 Bg4 22. Ng1 Qe5 23. Rae1 Nd4 24. Bh3 Be6 25. Rf2 Qh5 26. Kg2 b3 27. a3 Nc2 28. Ref1 Qe5 29. Rb1 Rbe8 30. Ne2 Bxh3+ 31. Kxh3 f5 32. Nc3 fxe4 33. Nxe4 Qe6+ 34. Kg2 Rxf2+ 35. Qxf2 Rf8 36. Qd2 Qf5 37. Qf4 Qxf4 38. gxf4 Rxf4 39. Nxd6 Rd4 40. Ne4 Rxd3 41. Nxc5 Rd4 42. Nxa4 Rxc4 43. Nb6 Rd4 44. Kg3 Kf7 45. Rf1+ Ke6 46. Rf3 Na1 47. Rc3 Rd2 48. Re3+ Kf6 49. Nc4 Rc2 50. Re4 Rc1 1/2-1/2

[Event "FRA-chT Poule Haute"]
[Site "Asnieres sur Seine"]
[Date "2006.05.04"]
[Round "8"]
[White "Marciano, David"]
[Black "Hassler, Franck"]
[Result "1-0"]
[WhiteElo "2513"]
[BlackElo "2243"]
[PlyCount "139"]
[EventDate "2006.05.03"]
[EventType "team-tourn"]
[EventRounds "4"]
[EventCountry "FRA"]
[SourceTitle "EXT 2007"]
[Source "ChessBase"]
[SourceDate "2006.11.23"]
[SourceVersion "1"]
[SourceVersionDate "2006.11.23"]
[SourceQuality "1"]
[WhiteTeam "Monaco"]
[BlackTeam "Mulhouse"]
[WhiteTeamCountry "MNC"]
[BlackTeamCountry "FRA"]

1. e4 c5 2. Nf3 e6 3. c4 Nc6 4. Nc3 Nf6 5. Be2 d5 6. exd5 exd5 7. d4 Be6 8. Bg5 Be7 9. dxc5 dxc4 10. Qa4 Qa5 11. Qxa5 Nxa5 12. Nd4 Bxc5 13. Nxe6 fxe6 14. Bd2 Rd8 15. Rd1 b6 16. 0-0 Bd4 17. Nb5 Bxb2 18. Bxa5 bxa5 19. Bxc4 Ke7 20. Nxa7 Rd6 21. Rxd6 Kxd6 22. Rb1 Kc5 23. Be2 Rb8 24. Nb5 Be5 25. g3 Nd5 26. Re1 Kb6 27. Na3 Bc3 28. Nc4+ Ka7 29. Bg4 Rb4 30. Bxe6 Rxc4 31. Bxd5 Rc5 32. Be4 h6 33. Rd1 Rc7 34. Kg2 Kb6 35. f4 Kc5 36. Rd5+ Kb4 37. Rd8 Bf6 38. Rd2 Rc4 39. Kf3 Rd4 40. Re2 Kc5 41. h4 Rb4 42. Rc2+ Rc4 43. Rd2 Rd4 44. Bd3 Rb4 45. Rc2+ Kd6 46. Bc4 Rb2 47. Rc1 Rd2 48. Re1 Kc5 49. Bf7 Bd4 50. g4 Rh2 51. h5 Bf6 52. Ke4 Kd6 53. Kf5 Rf2 54. Re4 Bg5 55. a4 Rf3 56. Bc4 Rf2 57. Be2 Kd7 58. Ke5 Bf6+ 59. Kd5 Rg2 60. Bb5+ Kc7 61. Rc4+ Kd8 62. Ke6 Rd2 63. Rc5 Be7 64. Rf5 Rd4 65. g5 Bd6 66. Rf7 Bxf4 67. g6 Bc1 68. Rxg7 Bb2 69. Rd7+ Rxd7 70. Bxd7 1-0

[Event "Zuerich op-A 29th"]
[Site "Zuerich"]
[Date "2005.12.29"]
[Round "6"]
[White "Moor, Olivier"]
[Black "Hassler, Franck"]
[Result "1-0"]
[WhiteElo "2377"]
[BlackElo "2190"]
[PlyCount "75"]
[EventDate "2005.12.26"]
[EventType "swiss"]
[EventRounds "7"]
[EventCountry "SUI"]
[SourceTitle "CBM 110 Extra"]
[Source "ChessBase"]
[SourceDate "2006.03.10"]
[SourceVersion "2"]
[SourceVersionDate "2006.03.10"]
[SourceQuality "1"]

1. d4 Nf6 2. c4 g6 3. Nc3 Bg7 4. e4 d6 5. Be2 0-0 6. Nf3 e5 7. Be3 Ng4 8. Bg5 f6 9. Bh4 Nc6 10. d5 Ne7 11. Nd2 Nh6 12. f3 g5 13. Bf2 f5 14. h3 Ng6 15. Qc2 b6 16. g4 fxe4 17. fxe4 Nf4 18. Bf3 Nf7 19. Nd1 Bd7 20. Ne3 c6 21. dxc6 Bxc6 22. a4 a6 23. Kf1 Qd7 24. Nf5 b5 25. cxb5 Bb7 26. Nc4 Qe6 27. Nb6 Rad8 28. bxa6 Bxa6+ 29. Kg1 Rc8 30. Qd1 Nd3 31. Nxc8 Rxc8 32. Be2 Nxb2 33. Qd5 Qxd5 34. exd5 Ra8 35. Bxa6 Rxa6 36. a5 e4 37. Nxg7 Kxg7 38. Bd4+ 1-0

[Event "FRA-chT Top 16 GP Haute"]
[Site "Port Barcares"]
[Date "2005.05.06"]
[Round "10"]
[White "Hassler, Franck"]
[Black "Leconte, Maria"]
[Result "0-1"]
[WhiteElo "2196"]
[BlackElo "2287"]
[PlyCount "248"]
[EventDate "2005.05.04"]
[EventType "team-tourn"]
[EventRounds "4"]
[EventCountry "FRA"]
[SourceTitle "CBM 107"]
[Source "ChessBase"]
[SourceDate "2005.08.01"]
[SourceVersion "1"]
[SourceVersionDate "2005.08.01"]
[SourceQuality "1"]
[WhiteTeam "Mulhouse"]
[BlackTeam "Cannes"]
[WhiteTeamCountry "FRA"]
[BlackTeamCountry "FRA"]

1. c4 e5 2. Nc3 Nc6 3. Nf3 g6 4. e3 Bg7 5. Be2 Nge7 6. 0-0 d5 7. cxd5 Nxd5 8. d3 0-0 9. a3 Nce7 10. e4 Nxc3 11. bxc3 c5 12. Be3 Qa5 13. Qc2 Bd7 14. Nd2 Ba4 15. Qb2 Qc7 16. f4 Bh6 17. g3 Bd7 18. Nc4 exf4 19. gxf4 f5 20. e5 Be6 21. Nd6 b6 22. d4 Nd5 23. Bd2 Qe7 24. Qc1 cxd4 25. cxd4 Rad8 26. Bf3 Rxd6 27. exd6 Qxd6 28. Bg2 Bg7 29. Kh1 Bxd4 30. Rb1 a5 31. Rf3 Bc5 32. Rd3 Rd8 33. Bc3 Rd7 34. Be5 Qe7 35. Qe1 Nf6 36. Rxd7 Bxd7 37. Qh4 Ne4 38. Qxe7 Bxe7 39. Rxb6 Bxa3 40. Rb7 Bc6 41. Rg7+ Kf8 42. Rxh7 Be7 43. Rg7 Be8 44. Kg1 a4 45. Bf1 Nd2 46. Kf2 a3 47. Rh7 Bc5+ 48. Ke2 Nxf1 49. Kxf1 Bf7 50. Ke2 a2 51. Kd3 Ke8 52. Rh8+ Kd7 53. Ra8 Kc6 54. Ra6+ Kb5 55. Rf6 Be8 56. Kc2 Kc4 57. Ra6 Kd5 58. Rxa2 g5 59. Ra5 gxf4 60. Bxf4 Ke4 61. Rxc5 Kxf4 62. Kd3 Bh5 63. Kd2 Bg4 64. Ke1 Kf3 65. Kf1 Bh3+ 66. Kg1 Bg4 67. Rc3+ Kf4 68. Kf2 Kg5 69. Kg3 f4+ 70. Kg2 Kh4 71. Rc7 Be2 72. Rh7+ Kg4 73. Kf2 Bd1 74. Rd7 Ba4 75. Rg7+ Kf5 76. h4 Bd1 77. Rg5+ Kf6 78. Rg1 Bh5 79. Rg2 Bd1 80. Rg5 Kf7 81. Rf5+ Kg6 82. Rxf4 Kh5 83. Kg3 Be2 84. Rf5+ Kg6 85. Kf4 Bd1 86. Rd5 Be2 87. Rd2 Bc4 88. Rc2 Bb3 89. Rb2 Bd1 90. Kg3 Bh5 91. Kf4 Bd1 92. Rb8 Be2 93. Rd8 Bc4 94. Re8 Bb3 95. Ra8 Bc4 96. Ra5 Be2 97. Rg5+ Kh6 98. Ke5 Bc4 99. Kf6 Bb3 100. Rb5 Bc2 101. Rb8 Kh7 102. Kg5 Bd3 103. h5 Bc4 104. Rb7+ Kh8 105. Kh6 Ba2 106. Rh7+ Kg8 107. Ra7 Bd5 108. Rd7 Be4 109. Rd8+ Kf7 110. Rd4 Bb1 111. Rg4 Bc2 112. Rg7+ Kf8 113. Rc7 Bb1 114. Kg5 Kg8 115. Kf6 Bd3 116. Rd7 Bc2 117. h6 Bb1 118. Rg7+ Kh8 119. Rg3 Bc2 120. Rg2 Bb1 121. Kf7 Bd3 122. Rg3 Bb1 123. Rg5 Bc2 124. Rb5 Bd3 0-1

[Event "FRA-chT Top 16 GP Haute"]
[Site "Port Barcares"]
[Date "2005.05.05"]
[Round "9"]
[White "Brochet, Philippe"]
[Black "Hassler, Franck"]
[Result "1-0"]
[WhiteElo "2368"]
[BlackElo "2196"]
[PlyCount "47"]
[EventDate "2005.05.04"]
[EventType "team-tourn"]
[EventRounds "4"]
[EventCountry "FRA"]
[SourceTitle "CBM 107"]
[Source "ChessBase"]
[SourceDate "2005.08.01"]
[SourceVersion "1"]
[SourceVersionDate "2005.08.01"]
[SourceQuality "1"]
[WhiteTeam "Evry"]
[BlackTeam "Mulhouse"]
[WhiteTeamCountry "FRA"]
[BlackTeamCountry "FRA"]

1. e4 c5 2. c3 d6 3. d4 Nf6 4. Bd3 Nbd7 5. f4 e6 6. e5 dxe5 7. fxe5 Nd5 8. Nf3 cxd4 9. cxd4 Be7 10. Nc3 N7b6 11. 0-0 h6 12. Qe1 Qc7 13. Nb5 Qd8 14. Qg3 Kf8 15. Qf2 Qe8 16. Nd2 f5 17. exf6 gxf6 18. Ne4 Qh5 19. Nc7 Rb8 20. Bf4 Nxf4 21. Qxf4 f5 22. Nxe6+ Bxe6 23. Qxb8+ Kg7 24. Qe5+ 1-0

[Event "St Chely d'Aubrac op 4th"]
[Site "St Chely d'Aubrac"]
[Date "2004.07.21"]
[Round "6"]
[White "Popchev, Milko"]
[Black "Hassler, Franck"]
[Result "1-0"]
[WhiteElo "2449"]
[BlackElo "2198"]
[PlyCount "73"]
[EventDate "2004.07.17"]
[EventType "swiss"]
[EventRounds "9"]
[EventCountry "FRA"]
[SourceTitle "CBM 101 Extra"]
[Source "ChessBase"]
[SourceDate "2004.09.01"]
[SourceVersion "2"]
[SourceVersionDate "2004.09.01"]
[SourceQuality "1"]

1. d4 f5 2. g3 g6 3. Bg2 Bg7 4. c3 Nf6 5. Qb3 d5 6. Nf3 e6 7. c4 c6 8. 0-0 0-0 9. Bf4 h6 10. Nc3 g5 11. Be5 b6 12. Rac1 Bb7 13. cxd5 exd5 14. Qc2 Qd7 15. h4 g4 16. Ne1 Qe6 17. Nd3 Nh5 18. Bxg7 Kxg7 19. e3 Ba6 20. Rfd1 Bxd3 21. Rxd3 Qd6 22. Ne2 Rf7 23. Rc3 a5 24. Re1 Raa7 25. Nc1 Rf6 26. Nd3 Nd7 27. Rc1 Rc7 28. a3 b5 29. Nc5 Nf8 30. Nb3 b4 31. axb4 axb4 32. Rc5 Ne6 33. Rxc6 Rxc6 34. Qxc6 Qb8 35. Qd7+ Kg6 36. Rc8 Qb6 37. Qe8+ 1-0

[Event "St Chely d'Aubrac op 4th"]
[Site "St Chely d'Aubrac"]
[Date "2004.07.18"]
[Round "2"]
[White "Moutaux, Robert"]
[Black "Hassler, Franck"]
[Result "0-1"]
[WhiteElo "1957"]
[BlackElo "2198"]
[PlyCount "48"]
[EventDate "2004.07.17"]
[EventType "swiss"]
[EventRounds "9"]
[EventCountry "FRA"]
[SourceTitle "CBM 101 Extra"]
[Source "ChessBase"]
[SourceDate "2004.09.01"]
[SourceVersion "2"]
[SourceVersionDate "2004.09.01"]
[SourceQuality "1"]

1. d4 f5 2. g3 Nf6 3. Bg2 g6 4. Nc3 Bg7 5. e4 fxe4 6. Nxe4 0-0 7. Nxf6+ Bxf6 8. Ne2 c5 9. 0-0 cxd4 10. Bh6 Re8 11. Nxd4 Qb6 12. c3 Qxb2 13. Qd3 Qa3 14. Qc4+ e6 15. Nb5 Qe7 16. Nc7 d5 17. Qb5 Bd7 18. Qd3 Nc6 19. Nxa8 Rxa8 20. Be3 Qa3 21. Bxd5 Ne5 22. Qe4 exd5 23. Qxd5+ Kh8 24. Bd4 Bc6 0-1

[Event "Mulhouse FIDE"]
[Site "Mulhouse"]
[Date "2002.07.08"]
[Round "1"]
[White "Hassler, Franck"]
[Black "Riff, Vincent"]
[Result "1-0"]
[WhiteElo "2129"]
[BlackElo "2120"]
[PlyCount "127"]
[EventDate "2002.??.??"]
[EventType "tourn"]
[EventRounds "11"]
[EventCountry "FRA"]
[SourceTitle "EXT 2003"]
[Source "ChessBase"]
[SourceDate "2002.11.25"]
[SourceVersion "1"]
[SourceVersionDate "2002.11.25"]
[SourceQuality "1"]

1. f4 c5 2. g3 Nc6 3. Bg2 g6 4. Nf3 Bg7 5. 0-0 e6 6. d3 Nge7 7. e4 d6 8. Nc3 0-0 9. Be3 Nd4 10. Qd2 Nxf3+ 11. Bxf3 Nc6 12. Rab1 Nd4 13. Bg2 f5 14. Rfe1 Qc7 15. exf5 gxf5 16. Ne2 Bd7 17. c3 Nxe2+ 18. Rxe2 Rae8 19. d4 Bb5 20. Ree1 b6 21. d5 e5 22. fxe5 Bxe5 23. Bh6 Bg7 24. Rbd1 Rf7 25. Rxe8+ Bxe8 26. Re1 Rf8 27. Qg5 Bg6 28. Bxg7 Qxg7 29. Re6 Qd7 30. h4 Qd8 31. Qxd8 Rxd8 32. Kf2 Rd7 33. Bf3 Kg7 34. h5 Bf7 35. h6+ Kg8 36. Rf6 Bg6 37. Be2 Rd8 38. Bb5 Bh5 39. Ke3 Bg6 40. Kf4 Bf7 41. Rxf5 Kf8 42. g4 Ke7 43. g5 a6 44. Be2 b5 45. Bf3 b4 46. c4 Rg8 47. Rf6 a5 48. Be4 Rh8 49. Kg4 Rg8 50. Kh4 Rh8 51. Rf1 Be8 52. Bf5 Kd8 53. Re1 Bf7 54. Bc2 Be8 55. a3 a4 56. axb4 cxb4 57. Re6 b3 58. Bf5 Kd7 59. Rg6+ Kd8 60. Rg7 Rf8 61. Bxh7 Rf2 62. Rg8 Ke7 63. Bf5 Rxb2 64. h7 1-0

[Event "FRA-chT2"]
[Site "France"]
[Date "2002.01.??"]
[Round "5"]
[White "Lepan, Marvin"]
[Black "Hassler, Franck"]
[Result "1-0"]
[WhiteElo "2189"]
[BlackElo "2170"]
[PlyCount "73"]
[EventDate "2002.??.??"]
[EventType "team"]
[EventRounds "11"]
[EventCountry "FRA"]
[SourceTitle "EXT 2003"]
[Source "ChessBase"]
[SourceDate "2002.11.25"]
[SourceVersion "1"]
[SourceVersionDate "2002.11.25"]
[SourceQuality "1"]

1. d4 f5 2. g3 Nf6 3. Bg2 g6 4. c3 Bg7 5. Qb3 Nc6 6. Nh3 e6 7. Nd2 Qe7 8. 0-0 0-0 9. e4 fxe4 10. Nxe4 Nd5 11. Re1 Kh8 12. Neg5 Nb6 13. a4 a5 14. d5 Nd8 15. dxe6 dxe6 16. Be3 h6 17. Ne4 Nd7 18. Nf4 Qf7 19. Nc5 Ne5 20. Bd4 g5 21. Bxe5 Bxe5 22. Rxe5 gxf4 23. Nd3 Qg7 24. Nxf4 Rxf4 25. gxf4 Nf7 26. Re3 Nd6 27. Rg3 Qf6 28. c4 Nf5 29. Qc3 Nd4 30. Re1 c5 31. Qd3 Nf5 32. Rg4 Ra6 33. Be4 Rd6 34. Qh3 Ne7 35. Qh4 Qf8 36. Qh5 Nf5 37. Bxf5 1-0